| 000 | 01026nam a22001937a 4500 | ||
|---|---|---|---|
| 001 | 8137 | ||
| 003 | FISKH | ||
| 005 | 20250827161041.0 | ||
| 008 | 250827b cb ||||| |||| 00| 0 eng d | ||
| 040 |
_aFISKH _bindo _cFISKH _dFISKH |
||
| 082 | _a338.47959 | ||
| 100 | _aWacik, Jero | ||
| 245 |
_aTujuh Tahun Membangun Kebudayaan & Pariwisata / _cJero Wacik |
||
| 260 |
_aJakarta : _bGaneca Exact, _c2012 |
||
| 300 |
_a119 pages : _bcolor illustrations ; _c25 cm |
||
| 520 | _aThe book Tujuh Tahun Membangun Kebudayaan & Pariwisata by Jero Wacik reflects on his seven years of work in developing Indonesia’s cultural and tourism sectors. It highlights strategies, programs, and achievements in promoting Indonesian culture, preserving heritage, and expanding tourism nationally and internationally. The author shares experiences as a government official, illustrating the challenges and successes in strengthening Indonesia’s identity while boosting economic growth through tourism. | ||
| 942 |
_2ddc _cBK _n0 |
||
| 999 |
_c8137 _d8137 |
||